| 000 | 00359nam a22001217a 4500 | ||
|---|---|---|---|
| 003 | OSt | ||
| 008 | 150511b xxu||||| |||| 00| 0 eng d | ||
| 100 | 1 | _aFreeston, Andrew | |
| 041 | _aeng | ||
| 245 | 1 | 0 | _aAzad Hind and Chalo Delhi stamps of the Indian Legion and Indian National Army of Subhas Chandra Bose 1941-1945, The |
| 260 | _bThe Author | ||
| 300 | _a0 pages | ||
| 999 |
_c1446 _d1446 |
||